[Event "Detroit (MOR/6/57)"]
[Site "?"]
[Date "1992.??.??"]
[Round "?"]
[White "Turner, Keita"]
[Black "Williams, Duane"]
[Result "1-0"]
[WhiteElo "1710"]
[BlackElo "1635"]
[PlyCount "67"]
[EventDate "1992.??.??"]

{6/(57)} 1. e4 c5 2. Nf3 d6 3. d4 cxd4 4. Nxd4 Nf6 5. Nc3 a6 6. a4 e5 7. Nf3
Qc7 8. Bg5 Nbd7 9. Be2 Be7 10. O-O h6 11. Bh4 g5 12. Bg3 Nc5 13. Nd2 Be6 14. f3
h5 15. Nc4 Bxc4 16. Bxc4 Ncxe4 17. Bxf7+ Kxf7 18. fxe4 Qb6+ 19. Kh1 Kg6 20. Nd5
Nxd5 21. Qxd5 Raf8 22. Qe6+ Rf6 23. Rxf6+ Bxf6 24. Bxe5 Qd8 25. Bxd6 Re8 26.
Qf5+ Kh6 27. e5 Bg7 28. Rf1 Qa5 29. b3 Qd2 30. Qf7 Qe2 31. h3 Bxe5 32. Bxe5
Qxf1+ 33. Qxf1 Rxe5 34. Qf6+ 1-0

[Event "Detroit (MOR/4/68)"]
[Site "?"]
[Date "1992.??.??"]
[Round "?"]
[White "Turner, Keita"]
[Black "Serwatowski, Felix"]
[Result "1-0"]
[WhiteElo "1710"]
[BlackElo "1605"]
[PlyCount "61"]
[EventDate "1992.??.??"]

{4/(68)} 1. e4 e5 2. Nf3 Nc6 3. Bc4 Nf6 4. d4 d5 5. exd5 Nxd5 6. dxe5 Be6 7.
Ng5 Nc3 8. Qxd8+ Rxd8 9. Bd3 Nd5 10. Nxe6 fxe6 11. f4 Ndb4 12. Be4 Rd4 13.
Bxc6+ bxc6 14. Na3 Bc5 15. Ke2 Nd5 16. c3 Nxf4+ 17. Kf3 Rd3+ 18. Kxf4 Rf8+ 19.
Ke4 Rd5 20. b4 Bb6 21. Bf4 c5 22. Nc2 cxb4 23. cxb4 c5 24. Rhd1 Rxd1 25. Rxd1
cxb4 26. Nxb4 Bc5 27. Nc6 Bb6 28. Rd6 Kf7 29. Rd7+ Kg8 30. Be3 Rc8 31. Ne7+ 1-0

[Event "Detroit (Pan Am/5)"]
[Site "?"]
[Date "1992.??.??"]
[Round "?"]
[White "Turner, Keita"]
[Black "Golonka, Stan"]
[Result "1-0"]
[WhiteElo "1745"]
[BlackElo "1980"]
[PlyCount "71"]
[EventDate "1992.??.??"]

1. e4 c5 2. Nf3 Nc6 3. d4 cxd4 4. Nxd4 e5 5. Nf3 Nf6 6. Nc3 Bb4 7. Bc4 Bxc3+ 8.
bxc3 Qa5 9. Qd3 Nxe4 10. O-O Nf6 11. Qd6 Qxc3 12. Bb3 Ne4 13. Qd5 Qxa1 14.
Qxf7+ Kd8 15. Qxg7 Qc3 16. Qxh8+ Kc7 17. Qxh7 Nf6 18. Qg7 Ne8 19. Qh8 Nd6 20.
Bf4 b6 21. Qg7 Ba6 22. Nxe5 Rd8 23. Rd1 Nd4 24. Qf6 Re8 25. h3 Ne2+ 26. Kh1 Ne4
27. Nf7+ Kc8 28. Nd6+ Nxd6 29. Qxd6 Nxf4 30. Qxd7+ Kb8 31. Qxe8+ Bc8 32. Qf8
Nxg2 33. Qd6+ Kb7 34. Qd5+ Ka6 35. Bc4+ b5 36. Qxb5# 1-0

[Event "Detroit (Pan Am/4)"]
[Site "?"]
[Date "1992.??.??"]
[Round "?"]
[White "Turner, Keita"]
[Black "Burdick, B."]
[Result "1-0"]
[WhiteElo "1740"]
[BlackElo "2035"]
[PlyCount "93"]
[EventDate "1992.??.??"]

1. e4 c5 2. Nf3 d6 3. d4 cxd4 4. Nxd4 Nf6 5. Nc3 a6 6. a4 Nc6 7. Bc4 e6 8. Bg5
Qb6 9. Bxf6 gxf6 10. Nde2 Rg8 11. O-O Ne5 12. Bb3 Bd7 13. Ng3 O-O-O 14. a5 Qc5
15. Ba4 Bxa4 16. Nxa4 Qxa5 17. Qd4 Qc7 18. Ra3 Be7 19. Nb6+ Kb8 20. Rb3 Qc5 21.
Qa4 Ka7 22. Ra1 Ng4 23. Nh1 Rg5 24. Nd7 Qc7 25. Qd4+ Ka8 26. Nb6+ Kb8 27. Rxa6
Qxc2 28. Ra8+ Kc7 29. Rc3+ Qxc3 30. bxc3 Rb5 31. Ra1 Rxb6 32. Ng3 Ne5 33. f4
Nc6 34. Qd3 d5 35. e5 fxe5 36. fxe5 Nxe5 37. Qxh7 Bc5+ 38. Kh1 Rd7 39. h4 Ng4
40. h5 Nf2+ 41. Kh2 Ng4+ 42. Kh1 Nf2+ 43. Kg1 Ng4+ 44. Kf1 Rb2 45. Qd3 Bf2 46.
Ne2 Bc5 47. Qg3+ 1-0

[Event "Detroit (MI Op/2/44)"]
[Site "?"]
[Date "1992.??.??"]
[Round "?"]
[White "Turner, Darrell"]
[Black "Triplett, Thomas"]
[Result "0-1"]
[WhiteElo "1800"]
[BlackElo "1915"]
[PlyCount "86"]
[EventDate "1992.??.??"]

{2/(44)} 1. d4 Nf6 2. c4 e6 3. Nf3 b6 4. g3 Bb7 5. Bg2 Be7 6. Nc3 O-O 7. d5 d6
8. O-O e5 9. Qc2 Nbd7 10. Rd1 a5 11. b3 Nc5 12. a3 Bc8 13. Be3 Bg4 14. b4 Ncd7
15. Nb5 Bh5 16. c5 Bg6 17. Qc1 bxc5 18. bxc5 dxc5 19. d6 cxd6 20. Nxd6 Bxd6 21.
Rxd6 Qc7 22. Qd1 Rab8 23. Nh4 Rb6 24. Rd2 Rfb8 25. Nxg6 hxg6 26. g4 Nf8 27. h3
Ne6 28. g5 Nh5 29. Rd7 Qc8 30. Qd5 Rb1+ 31. Rxb1 Rxb1+ 32. Kh2 Nhf4 33. Bxf4
exf4 34. Ra7 f3 35. Ra8 Rb8 36. Bxf3 Rxa8 37. Qxa8 Qxa8 38. Bxa8 Nxg5 39. h4
Ne6 40. e3 Kf8 41. Kg3 Ke7 42. Kf3 Kd6 43. Ke2 Nc7 0-1

[Event "Detroit (MI Op/5/40)"]
[Site "?"]
[Date "1992.??.??"]
[Round "?"]
[White "Turner, Darrell"]
[Black "Smith, Daryn"]
[Result "1-0"]
[WhiteElo "1800"]
[BlackElo "1875"]
[PlyCount "77"]
[EventDate "1992.??.??"]

{5/(40)} 1. e4 e5 2. Nf3 Nc6 3. Bb5 a6 4. Ba4 Nf6 5. O-O Be7 6. Re1 b5 7. Bb3
O-O 8. c3 d5 9. exd5 e4 10. dxc6 exf3 11. Qxf3 Bg4 12. Qe3 Re8 13. Qd4 Bd6 14.
Rxe8+ Qxe8 15. Qe3 Bc5 16. d4 Bd6 17. Qxe8+ Rxe8 18. Be3 Be2 19. Nd2 Ng4 20.
Nf1 Bxf1 21. Kxf1 Nxh2+ 22. Ke2 Ng4 23. Kd3 Nf6 24. a4 b4 25. c4 a5 26. c5 Bf8
27. Bf4 Ng4 28. Rf1 Rc8 29. Bd1 Nf6 30. Bf3 Ne8 31. Bg4 Rb8 32. Bd7 Be7 33. Re1
Kf8 34. b3 Nf6 35. Bxc7 Nxd7 36. cxd7 Ra8 37. c6 f6 38. d5 Bc5 39. d8=Q+ 1-0

[Event "Flint (Beg/3)"]
[Site "?"]
[Date "1992.??.??"]
[Round "?"]
[White "Turner, Alan"]
[Black "Giles, M."]
[Result "0-1"]
[WhiteElo "1605"]
[BlackElo "1605"]
[PlyCount "70"]
[EventDate "1992.??.??"]

1. e4 c5 2. Nc3 Nc6 3. Nf3 g6 4. Be2 d6 5. O-O Nd4 6. Nxd4 cxd4 7. Nd5 e6 8.
Nf4 e5 9. Nd5 Be6 10. d3 Bxd5 11. exd5 Nf6 12. Bf3 Qa5 13. Bd2 Qb5 14. Qb1 Nxd5
15. a4 Qc6 16. Qa2 Qxc2 17. Rad1 Nc3 18. Bxc3 dxc3 19. a5 Qxb2 20. Qxb2 cxb2
21. a6 Bg7 22. axb7 Rb8 23. Rfe1 O-O 24. Bd5 Rfe8 25. Re2 e4 26. dxe4 a5 27. f4
a4 28. e5 dxe5 29. Rxb2 a3 30. Ra2 Bf8 31. Rd3 e4 32. Rd4 e3 33. f5 Bc5 34. Rh4
e2+ 35. Kh1 e1=Q# 0-1

[Event "Flint (Beg/5)"]
[Site "?"]
[Date "1992.??.??"]
[Round "?"]
[White "Turner, Alan"]
[Black "Choate, Dan"]
[Result "1-0"]
[WhiteElo "1605"]
[BlackElo "1605"]
[PlyCount "85"]
[EventDate "1992.??.??"]

1. e4 e5 2. Nc3 Nf6 3. Nf3 Nc6 4. Bc4 Qe7 5. Ng5 d5 6. Nxd5 Be6 7. Nxe7 Bxc4 8.
Nxc6 bxc6 9. d3 Ba6 10. O-O O-O-O 11. Nxf7 Bc5 12. Nxh8 Rxh8 13. b4 Bb6 14. Bb2
h5 15. Bxe5 Ng4 16. Bxg7 Rg8 17. Bc3 Rf8 18. Be1 Rd8 19. a4 Rd4 20. h3 Ne5 21.
g4 h4 22. a5 Bxd3 23. axb6 axb6 24. g5 Rxe4 25. cxd3 Rf4 26. g6 Rf3 27. g7 Rxh3
28. Ra8+ Kb7 29. Re8 Nf3+ 30. Qxf3 Rxf3 31. g8=Q h3 32. Kh2 Rxd3 33. f3 Ra3 34.
Qg7 c5 35. Bg3 Ka6 36. Bxc7 cxb4 37. Qf6 Ka5 38. Bxb6+ Ka4 39. Ra8+ Kb3 40.
Rxa3+ Kxa3 41. f4 b3 42. Rb1 Ka2 43. Ra1# 1-0

[Event "Flint (Class DE/2)"]
[Site "?"]
[Date "1992.??.??"]
[Round "?"]
[White "Tsuji, J."]
[Black "Shoulders, C."]
[Result "1/2-1/2"]
[WhiteElo "1605"]
[BlackElo "1605"]
[PlyCount "70"]
[EventDate "1992.??.??"]

1. d4 d5 2. e3 e6 3. f4 c5 4. c3 Nf6 5. Bd3 Be7 6. Nf3 Nc6 7. O-O O-O 8. Ne5
Nxe5 9. fxe5 Nd7 10. Nd2 h6 11. Nf3 c4 12. Bc2 b5 13. e4 Bb7 14. exd5 Bxd5 15.
Bd2 f6 16. Qe2 fxe5 17. Nxe5 Nxe5 18. Qxe5 Bf6 19. Qe2 e5 20. dxe5 Bg5 21.
Rxf8+ Qxf8 22. Rf1 Qc5+ 23. Kh1 Qe7 24. Rf2 Re8 25. Bg6 Bh4 26. Bxe8 Bxf2 27.
Qxf2 Qxe8 28. Qg3 Qh5 29. Kg1 Qd1+ 30. Qe1 Qg4 31. Qf2 Bxg2 32. Qg3 Qd1+ 33.
Kxg2 Qxd2+ 34. Qf2 Qg5+ 35. Qg3 Qd2+ 1/2-1/2

[Event "East Lansing (MI Am/3)"]
[Site "?"]
[Date "1992.??.??"]
[Round "?"]
[White "Tsuji, J."]
[Black "Nicolli, Randy"]
[Result "0-1"]
[WhiteElo "1605"]
[BlackElo "1605"]
[PlyCount "66"]
[EventDate "1992.??.??"]

1. d4 f5 2. Nf3 e6 3. g3 Nf6 4. Bg5 d5 5. Nbd2 Bd6 6. Ne5 Nbd7 7. f4 O-O 8. e3
Qe8 9. Bd3 Ne4 10. Bxe4 fxe4 11. Qe2 a5 12. O-O-O c5 13. g4 cxd4 14. exd4 b6
15. Qe3 Ba6 16. Bh4 Rc8 17. Rhg1 Nxe5 18. fxe5 Bb8 19. c3 Bd3 20. Rg3 Qa4 21.
Qxd3 exd3 22. Rxd3 Qxa2 23. Nb1 b5 24. Be7 Rf2 25. R1d2 Rf1+ 26. Rd1 Rxd1+ 27.
Rxd1 b4 28. Bc5 bxc3 29. Nxc3 Qc4 30. h4 Bxe5 31. dxe5 Qxc5 32. Kb1 d4 33. Ne2
Qc2+ 0-1

[Event "East Lansing (MI Am/5)"]
[Site "?"]
[Date "1992.??.??"]
[Round "?"]
[White "Tsuji, J."]
[Black "Grzegorczyk, Ron"]
[Result "0-1"]
[WhiteElo "1605"]
[BlackElo "1665"]
[PlyCount "94"]
[EventDate "1992.??.??"]

1. d4 d5 2. Nf3 Nc6 3. e3 Nf6 4. Bd3 g6 5. c3 Bg7 6. O-O O-O 7. Nbd2 Re8 8. e4
dxe4 9. Nxe4 e5 10. dxe5 Nxe5 11. Nxe5 Rxe5 12. Bg5 h6 13. Nxf6+ Bxf6 14. Bxh6
Rd5 15. Qe2 Rxd3 16. Rad1 Rd6 17. Rxd6 cxd6 18. Re1 Be6 19. Qd3 Bxa2 20. Be3
Be6 21. Bd4 Be5 22. g3 Bf5 23. Qe3 Bxd4 24. Qxd4 d5 25. Rd1 Be6 26. Ra1 b6 27.
Rd1 Qc7 28. Rd2 Rc8 29. Kf1 Qc4+ 30. Ke1 Qa2 31. Kf1 Qb1+ 32. Kg2 Rc4 33. Qd3
Qxd3 34. Rxd3 a5 35. Kf3 b5 36. Rd4 b4 37. Rxc4 dxc4 38. Ke2 Kg7 39. cxb4 axb4
40. Ke1 Kf6 41. Ke2 Ke5 42. Ke1 Kd4 43. Kd2 Bf5 44. f3 c3+ 45. bxc3+ bxc3+ 46.
Kc1 Ke3 47. f4 Kf3 0-1

[Event "East Lansing (MI Am/1)"]
[Site "?"]
[Date "1992.??.??"]
[Round "?"]
[White "Tsuji, J."]
[Black "Brooks, Brion"]
[Result "0-1"]
[WhiteElo "1605"]
[BlackElo "1765"]
[PlyCount "66"]
[EventDate "1992.??.??"]

1. d4 e6 2. Nf3 Nf6 3. Bg5 d5 4. e3 Be7 5. Bd3 O-O 6. O-O Nbd7 7. Nbd2 c5 8. c3
c4 9. Bc2 b5 10. Re1 Bb7 11. Bxf6 Nxf6 12. e4 a5 13. Ne5 Qc7 14. f4 b4 15. Qe2
Nd7 16. exd5 Nxe5 17. fxe5 Bxd5 18. Be4 Rae8 19. Qh5 Bxe4 20. Nxe4 f5 21. Ng5
Bxg5 22. Qxg5 Rd8 23. Rab1 Qf7 24. Re3 h6 25. Qh4 Rb8 26. Rg3 f4 27. Rg4 bxc3
28. Qxh6 cxb2 29. Rxg7+ Qxg7 30. Qxe6+ Qf7 31. Qg4+ Kh8 32. Qh3+ Qh7 33. Qc3
Qxb1+ 0-1

[Event "Flint (Class DE/4)"]
[Site "?"]
[Date "1992.??.??"]
[Round "?"]
[White "Tsuji, J."]
[Black "Brewer, M."]
[Result "1-0"]
[WhiteElo "1605"]
[BlackElo "1605"]
[PlyCount "143"]
[EventDate "1992.??.??"]

1. d4 Nf6 2. e3 d6 3. c4 e5 4. d5 Nbd7 5. Nc3 Be7 6. e4 O-O 7. f3 c6 8. Be3 Qc7
9. Bd3 Rb8 10. Nge2 a6 11. a4 Nh5 12. O-O Qd8 13. Qd2 h6 14. b4 Bg5 15. b5 Nc5
16. Bc2 cxb5 17. axb5 axb5 18. Rfb1 Bd7 19. Nxb5 Bc8 20. Nec3 g6 21. Qf2 Qe7
22. Na4 Nd7 23. Nb6 Bxe3 24. Qxe3 Nxb6 25. Qxb6 Rd8 26. Ra7 Nf6 27. Ba4 Nd7 28.
Qe3 Kg7 29. Nc3 Nc5 30. Bc6 Bd7 31. Bb5 Bxb5 32. Nxb5 Ra8 33. Rba1 Rxa7 34.
Rxa7 Rd7 35. Qa3 Qg5 36. Nxd6 Rxd6 37. Qxc5 Qc1+ 38. Kf2 Qd2+ 39. Kg3 Qf4+ 40.
Kf2 Rf6 41. Qe3 Qxh2 42. Rxb7 Qh4+ 43. Kg1 Ra6 44. Rb1 Ra2 45. Qe1 Qg5 46. Qf1
Qe3+ 47. Kh1 Rc2 48. c5 Qxc5 49. Rd1 Rc4 50. d6 Rd4 51. d7 Qd6 52. Rxd4 Qxd4
53. Qb5 Qd6 54. Qb7 Qf6 55. Kg1 Qd6 56. Qc8 Qb6+ 57. Kh2 h5 58. d8=Q Qxd8 59.
Qxd8 Kh6 60. g3 Kg7 61. Qe7 Kg8 62. Qxe5 Kf8 63. Qf6 Kg8 64. Kh3 Kf8 65. e5 Kg8
66. f4 Kh7 67. Qxf7+ Kh6 68. Qf6 Kh7 69. e6 Kh6 70. e7 Kh7 71. e8=Q Kh6 72.
Qeh8# 1-0

[Event "Flint (MEX/1)"]
[Site "?"]
[Date "1992.??.??"]
[Round "?"]
[White "Tsemekhman, Vadim"]
[Black "Ward, Tom"]
[Result "1-0"]
[WhiteElo "2440"]
[BlackElo "2125"]
[PlyCount "61"]
[EventDate "1992.??.??"]

1. d4 Nf6 2. c4 e6 3. Nc3 Bb4 4. e3 O-O 5. Bd3 d5 6. cxd5 exd5 7. Nge2 Re8 8.
O-O c6 9. f3 c5 10. a3 Bxc3 11. bxc3 Nc6 12. Ng3 Be6 13. Kh1 Rc8 14. Ra2 Qd7
15. Re2 Kh8 16. Bb1 Ne7 17. Qd3 cxd4 18. cxd4 Ng6 19. Ree1 Qa4 20. Nf5 Red8 21.
Qd2 Ne8 22. e4 Nd6 23. Qg5 Nb5 24. e5 Bxf5 25. Bxf5 h6 26. Qh5 Rxc1 27. Rxc1
Qxd4 28. e6 Nf4 29. e7 Re8 30. Qxf7 Nd6 31. Qf8+ 1-0

[Event "East Lansing (MI Inv Semi/2)"]
[Site "?"]
[Date "1992.??.??"]
[Round "?"]
[White "Tsemekhman, Vadim"]
[Black "O'Donnell, Robert"]
[Result "1/2-1/2"]
[WhiteElo "2425"]
[BlackElo "2250"]
[PlyCount "114"]
[EventDate "1992.??.??"]

1. d4 Nf6 2. c4 g6 3. Nc3 Bg7 4. e4 d6 5. Be2 O-O 6. Bg5 Nbd7 7. Qd2 e5 8. Nf3
exd4 9. Nxd4 Nc5 10. f3 c6 11. Rd1 Qa5 12. O-O Ne6 13. Be3 Nxd4 14. Bxd4 Be6
15. Kh1 Rad8 16. f4 Ne8 17. f5 Bxd4 18. Qxd4 Bc8 19. c5 Rd7 20. b4 Qd8 21. cxd6
Rxd6 22. Qxa7 Rxd1 23. Rxd1 Qf6 24. Qe3 gxf5 25. exf5 Bxf5 26. Rf1 Qe6 27. Qf4
Bg6 28. h4 Qd6 29. h5 Qxf4 30. Rxf4 Bc2 31. Bf3 Nc7 32. Rd4 Bf5 33. Rf4 Be6 34.
Rd4 Ra8 35. a4 Kf8 36. Be4 h6 37. Kh2 Ke7 38. a5 Rg8 39. Bf3 Rd8 40. Rxd8 Kxd8
41. Na4 Na6 42. Nc5 Nxb4 43. Nxb7+ Kc7 44. Nc5 Bc8 45. g4 Kd6 46. Ne4+ Ke5 47.
g5 hxg5 48. h6 Bf5 49. Ng3 Bh7 50. Be4 Bg8 51. h7 Bxh7 52. Bxh7 c5 53. Bd3 Nc6
54. a6 Kd4 55. Bb1 c4 56. Ne4 f6 57. Nxf6 Kc5 1/2-1/2

[Event "Ann Arbor (MI Inv Pre/4)"]
[Site "?"]
[Date "1992.??.??"]
[Round "?"]
[White "Tsemekhman, Vadim"]
[Black "O'Donnell, Robert"]
[Result "1-0"]
[WhiteElo "2425"]
[BlackElo "2250"]
[PlyCount "107"]
[EventDate "1992.??.??"]

1. d4 d5 2. c4 e6 3. Nc3 Be7 4. cxd5 exd5 5. Bf4 c6 6. e3 Bf5 7. Nge2 Nd7 8.
Ng3 Bg6 9. Nh5 Qb6 10. Be2 Qxb2 11. Qc1 Ba3 12. Nxg7+ Ke7 13. e4 Qxc1+ 14. Bxc1
Bb4 15. Bd2 Bxc3 16. Bxc3 Bxe4 17. Bb4+ Kd8 18. f3 Bg6 19. g4 h5 20. gxh5 Bxh5
21. Nxh5 Rxh5 22. Bd6 Ndf6 23. Rb1 Kd7 24. Be5 b5 25. Kf2 a5 26. Rhc1 Ne8 27.
Rxc6 Rxe5 28. Bxb5 Nc7 29. Ra6+ Nxb5 30. Rxa8 Nxd4 31. Rxg8 Re2+ 32. Kg3 Rxa2
33. Rd1 Nf5+ 34. Kf4 Ne7 35. Ra8 Rxh2 36. Rxa5 Rh4+ 37. Kg5 Rb4 38. Re1 Kd6 39.
Ra7 Nc6 40. Rxf7 d4 41. Rf6+ Kd5 42. Rf5+ Kd6 43. Kf6 Rc4 44. Re6+ Kc7 45. Rd5
Nb4 46. Rh5 Rc6 47. Rh4 Nc2 48. Rh2 d3 49. Rh7+ Kb6 50. Rd7 Ne1 51. f4 Kc5 52.
f5 Ng2 53. Rxc6+ Kxc6 54. Rxd3 1-0

[Event "Detroit (MI Op/4/1)"]
[Site "?"]
[Date "1992.??.??"]
[Round "?"]
[White "Tsemekhman, Vadim"]
[Black "Norman, Bryan"]
[Result "1-0"]
[WhiteElo "2435"]
[BlackElo "2255"]
[PlyCount "43"]
[EventDate "1992.??.??"]

{4/(1)} 1. d4 d5 2. c4 c6 3. Nf3 Nf6 4. Nc3 dxc4 5. a4 Bf5 6. Nh4 Be6 7. e4 Qa5
8. Bd2 Qb6 9. Nf3 Bg4 10. a5 Qd8 11. Bxc4 e6 12. Qb3 Bxf3 13. gxf3 Qc7 14. Rg1
Nbd7 15. Bxe6 fxe6 16. Qxe6+ Be7 17. Rxg7 O-O-O 18. Rxe7 Qxh2 19. Ke2 Rhg8 20.
a6 Rg6 21. axb7+ Kxb7 22. e5 1-0

[Event "East Lansing (MI Inv Final/1)"]
[Site "?"]
[Date "1992.??.??"]
[Round "?"]
[White "Tsemekhman, Vadim"]
[Black "Noren, Kevin"]
[Result "1-0"]
[WhiteElo "2425"]
[BlackElo "2295"]
[PlyCount "63"]
[EventDate "1992.??.??"]

1. d4 Nf6 2. c4 g6 3. Nc3 Bg7 4. e4 d6 5. Be2 O-O 6. Bg5 c5 7. d5 a6 8. a4 Qa5
9. Bd2 e6 10. Nf3 exd5 11. exd5 Bg4 12. O-O Qc7 13. h3 Bxf3 14. Bxf3 Nbd7 15.
Bf4 Ne8 16. Qd2 Be5 17. Bh6 Ng7 18. Be2 Rfe8 19. Bd3 f5 20. g3 Bf6 21. Kg2 Ne5
22. Rfe1 Nh5 23. Be2 Ng7 24. f4 Nf7 25. Bxg7 Kxg7 26. Bf3 Qa5 27. Re6 Qb4 28.
Rae1 Red8 29. Qc2 Rd7 30. R1e2 Rb8 31. Na2 Qa5 32. Rxf6 1-0

[Event "Ann Arbor (MI Inv Pre/2)"]
[Site "?"]
[Date "1992.??.??"]
[Round "?"]
[White "Tsemekhman, Vadim"]
[Black "Norcross, John"]
[Result "1/2-1/2"]
[WhiteElo "2425"]
[BlackElo "2200"]
[PlyCount "147"]
[EventDate "1992.??.??"]

1. d4 Nf6 2. c4 d6 3. Nc3 g6 4. e4 Bg7 5. Be2 Nbd7 6. Bg5 h6 7. Be3 O-O 8. Qd2
Kh7 9. f3 e5 10. d5 Nh5 11. O-O-O a6 12. g3 b5 13. cxb5 axb5 14. b4 Nb6 15.
Bxb6 cxb6 16. Bxb5 Bd7 17. Kb2 Bxb5 18. Nxb5 Qd7 19. Qd3 f5 20. Ne2 fxe4 21.
fxe4 Nf6 22. h3 Nxe4 23. Qxe4 Qxb5 24. Nc3 Qd7 25. Rdf1 Rf5 26. Kb3 Rc8 27. a4
Qf7 28. Rxf5 gxf5 29. Rf1 Rf8 30. Qc2 e4 31. g4 Rc8 32. Rxf5 Qc7 33. Rf4 Qxc3+
34. Qxc3 Rxc3+ 35. Ka2 e3 36. Re4 Rc2+ 37. Kb3 Rc3+ 38. Ka2 Be5 39. a5 bxa5 40.
bxa5 Rc5 41. a6 Ra5+ 42. Kb3 Rxa6 43. Rxe3 Kg6 44. h4 Ra5 45. Rd3 Rc5 46. Kb4
Rc1 47. Kb5 Rg1 48. g5 h5 49. Rh3 Rc1 50. Kb6 Rc4 51. Rh1 Bd4+ 52. Kb7 Be5 53.
Rh3 Kf5 54. Rh1 Bg3 55. Rg1 Bxh4 56. g6 Bf6 57. g7 Bxg7 58. Rxg7 Rc5 59. Rh7
Kg6 60. Rh8 Rxd5 61. Kc6 Rd4 62. Kd7 h4 63. Ke6 Kg5 64. Rg8+ Kf4 65. Rh8 Kf3
66. Kf5 Kg3 67. Rg8+ Kh2 68. Ra8 Rd2 69. Kg4 d5 70. Kxh4 d4 71. Kg4 Rg2+ 72.
Kf3 d3 73. Ke3 Rg3+ 74. Kd2 1/2-1/2

[Event "Detroit (MI Action/2)"]
[Site "?"]
[Date "1992.??.??"]
[Round "?"]
[White "Tsemekhman, Vadim"]
[Black "LaMar, Frank"]
[Result "1-0"]
[WhiteElo "2485"]
[BlackElo "1925"]
[PlyCount "62"]
[EventDate "1992.??.??"]

1. d4 Nf6 2. c4 c5 3. d5 b5 4. cxb5 a6 5. bxa6 Bxa6 6. Nc3 d6 7. Nf3 g6 8. g3
Bg7 9. Bg2 O-O 10. O-O Nbd7 11. Qc2 Nb6 12. Rd1 Qc7 13. h3 Nfd7 14. Rb1 c4 15.
Nd4 Nc5 16. Bg5 h6 17. Be3 Qd7 18. Nc6 Rac8 19. Bd4 e6 20. Bxg7 Kxg7 21. Qd2
exd5 22. Qd4+ f6 23. Nb4 Bb7 24. Nbxd5 Bxd5 25. Nxd5 Nxd5 26. Qxd5 Rfe8 27.
Rbc1 Rxe2 28. Rxc4 Qa7 29. Qxd6 Rxf2 30. Qd4 Rf5 31. b4 Qxa2 1-0

[Event "Detroit (MI Action/6)"]
[Site "?"]
[Date "1992.??.??"]
[Round "?"]
[White "Tsemekhman, Vadim"]
[Black "Gabbara, Faris"]
[Result "0-1"]
[WhiteElo "2485"]
[BlackElo "2295"]
[PlyCount "41"]
[EventDate "1992.??.??"]

1. d4 d5 2. c4 e6 3. Nc3 c5 4. e3 Nf6 5. Nf3 Nc6 6. a3 Be7 7. Be2 dxc4 8. Bxc4
O-O 9. O-O a6 10. Bd3 cxd4 11. exd4 b5 12. Re1 Bb7 13. Bb1 Qb6 14. Be3 Qc7 15.
Ng5 Bd6 16. Nce4 Nxe4 17. Nxe4 Bxh2+ 18. Kh1 f5 19. Nc5 Nd8 20. Bg5 Qc6 21.
Nxb7 0-1

[Event "Flint (MEX/3)"]
[Site "?"]
[Date "1992.??.??"]
[Round "?"]
[White "Tsemekhman, Vadim"]
[Black "Finegold, Ron"]
[Result "1-0"]
[WhiteElo "2440"]
[BlackElo "2175"]
[PlyCount "76"]
[EventDate "1992.??.??"]

1. d4 d5 2. c4 dxc4 3. e4 e5 4. Nf3 Bb4+ 5. Bd2 Bxd2+ 6. Qxd2 exd4 7. Qxd4 Qxd4
8. Nxd4 Nf6 9. f3 O-O 10. Bxc4 Rd8 11. Nb3 Nbd7 12. Nc3 Ne5 13. Be2 b6 14. Kf2
Be6 15. Rhd1 Bxb3 16. axb3 a5 17. f4 Ned7 18. e5 Ne8 19. Ne4 h6 20. Bb5 Nf8 21.
Bc6 Rab8 22. f5 Nh7 23. Ke3 Kf8 24. Rac1 f6 25. Rxd8 Rxd8 26. Bxe8 Rxe8 27. e6
Rc8 28. Rd1 Re8 29. Rc1 Rc8 30. Rc6 Ng5 31. Nc3 Ke7 32. h4 Nh7 33. Nd5+ Kd8 34.
Ke2 b5 35. g4 a4 36. b4 Nf8 37. e7+ Kd7 38. Rxc7+ Kd6 1-0

[Event "Detroit (MI Action/4)"]
[Site "?"]
[Date "1992.??.??"]
[Round "?"]
[White "Tsemekhman, Vadim"]
[Black "Finegold, Ben"]
[Result "0-1"]
[WhiteElo "2485"]
[BlackElo "2550"]
[PlyCount "70"]
[EventDate "1992.??.??"]

1. d4 Nf6 2. c4 c5 3. d5 e5 4. Nc3 d6 5. e4 Be7 6. Bd3 Nbd7 7. h3 Nf8 8. Be3
Ng6 9. Qd2 O-O 10. Nf3 a6 11. a4 Bd7 12. O-O Nh5 13. Ne2 Qc8 14. Kh2 f5 15.
exf5 Bxf5 16. Bxf5 Rxf5 17. Ng3 Nxg3 18. fxg3 Qd7 19. Qc2 Rff8 20. Nd2 Rxf1 21.
Rxf1 b5 22. Ne4 Rb8 23. axb5 axb5 24. Qb3 Qe8 25. Rf2 bxc4 26. Qxc4 Rb4 27. Qc2
Qa4 28. Qxa4 Rxa4 29. Nc3 Rb4 30. Bc1 Bf8 31. Re2 Ne7 32. Re4 Rxe4 33. Nxe4
Nxd5 34. Bd2 Nf6 35. Ng5 d5 0-1

[Event "Detroit (MI Op/6/1)"]
[Site "?"]
[Date "1992.??.??"]
[Round "?"]
[White "Tsemekhman, Vadim"]
[Black "Feldman, Steve"]
[Result "1/2-1/2"]
[WhiteElo "2435"]
[BlackElo "2290"]
[PlyCount "100"]
[EventDate "1992.??.??"]

{6/(1)} 1. d4 Nf6 2. c4 c5 3. d5 d6 4. Nc3 g6 5. e4 Bg7 6. Be2 O-O 7. Bg5 e6 8.
Qd2 exd5 9. exd5 Nbd7 10. Nf3 a6 11. a4 Re8 12. O-O Ne5 13. Nxe5 Rxe5 14. h3
Qf8 15. Bd3 h6 16. Bf4 Re8 17. Rae1 Bd7 18. g4 Rxe1 19. Rxe1 Re8 20. Rb1 a5 21.
Kg2 b6 22. Rf1 h5 23. f3 Qe7 24. Qf2 hxg4 25. hxg4 Nh7 26. Rh1 Be5 27. Bd2 Bd4
28. Qg3 Be5 29. f4 Bg7 30. Qh3 Nf8 31. f5 gxf5 32. gxf5 Qf6 33. Qh5 Qd4 34. Rh3
Re5 35. Bh6 Ng6 36. Ne2 Bxh6 37. Qxh6 Rxe2+ 38. Bxe2 Nf4+ 39. Kf1 Nxh3 40. Qxh3
Qf4+ 41. Ke1 Bxf5 42. Qb3 Qc1+ 43. Kf2 Qf4+ 44. Ke1 Qe5 45. Kd2 Qd4+ 46. Ke1
Qg1+ 47. Kd2 Qf2 48. Kd1 Qd4+ 49. Ke1 Qh4+ 50. Kd2 Qf4+ 1/2-1/2

[Event "Detroit (MI Op/2/3)"]
[Site "?"]
[Date "1992.??.??"]
[Round "?"]
[White "Tsemekhman, Vadim"]
[Black "Baze, Lineas"]
[Result "1-0"]
[WhiteElo "2435"]
[BlackElo "2070"]
[PlyCount "87"]
[EventDate "1992.??.??"]

{2/(3)} 1. d4 Nf6 2. c4 g6 3. Nc3 Bg7 4. e4 d6 5. Be2 O-O 6. Bg5 h6 7. Be3 e5
8. d5 Ne8 9. Qd2 Kh7 10. O-O-O f5 11. f3 Nd7 12. exf5 gxf5 13. Bd3 Nc5 14. Bc2
Qh4 15. g4 Kh8 16. gxf5 Bxf5 17. Bxf5 Rxf5 18. Nge2 Rxf3 19. Rdg1 Nf6 20. Ng3
Ng4 21. Bxc5 dxc5 22. Nge4 h5 23. Kb1 Bh6 24. Qg2 Raf8 25. h3 Ne3 26. Qg6 Nf5
27. Ng5 Bxg5 28. Rxg5 Rxh3 29. Rhg1 Rh1 30. a3 Rxg1+ 31. Rxg1 Qf6 32. Qxh5+ Qh6
33. Qe2 Ne3 34. Ka2 Rf5 35. Re1 Nxc4 36. Qxc4 Rf2 37. Qb5 Qd2 38. Qe8+ Kh7 39.
Rh1+ Rh2 40. Qe7+ Kg8 41. Rxh2 Qxh2 42. Qxc7 Qf4 43. Qxc5 e4 44. Qc4 1-0

[Event "Detroit (MOR/1a/33)"]
[Site "?"]
[Date "1992.??.??"]
[Round "?"]
[White "Troupe, D."]
[Black "Wisckol, Richard"]
[Result "0-1"]
[WhiteElo "1605"]
[BlackElo "1790"]
[PlyCount "66"]
[EventDate "1992.??.??"]

1. e4 c5 2. Nf3 d6 3. Bc4 e6 4. d4 cxd4 5. Qxd4 Nc6 6. Qd1 Nf6 7. Bg5 Be7 8.
Nbd2 Qc7 9. Bb5 a6 10. Ba4 b5 11. Bb3 Bb7 12. Qe2 Rc8 13. a3 O-O 14. O-O Rfd8
15. Rfc1 d5 16. e5 Nd7 17. Bf4 Nf8 18. c3 Na5 19. Bc2 Nc4 20. b3 Nxd2 21. Nxd2
Qc6 22. Qf3 f5 23. exf6 Bxf6 24. Nb1 e5 25. Be3 e4 26. Qg4 Qd7 27. Qxd7 Rxd7
28. Bd4 Bxd4 29. cxd4 Rdc7 30. Ra2 Ne6 31. Rd1 Rxc2 32. Rxc2 Rxc2 33. a4 b4 0-1

[Event "East Lansing (MI Am/5)"]
[Site "?"]
[Date "1992.??.??"]
[Round "?"]
[White "Troupe, D."]
[Black "Vaka, Flamur"]
[Result "0-1"]
[WhiteElo "1605"]
[BlackElo "1605"]
[PlyCount "42"]
[EventDate "1992.??.??"]

1. e4 e5 2. Nf3 Nc6 3. Bb5 a6 4. Bxc6 dxc6 5. Nc3 Bc5 6. h3 Nf6 7. d3 O-O 8.
Bg5 h6 9. Bh4 Qd6 10. a3 Re8 11. Qd2 b5 12. O-O Nh5 13. Ne2 Qg6 14. Kh2 Bd7 15.
c4 Bb6 16. b4 bxc4 17. dxc4 Bc8 18. Qd3 Bd4 19. Rae1 Bb7 20. c5 a5 21. Nexd4
Nf4 0-1

[Event "Detroit (MOR/5/81)"]
[Site "?"]
[Date "1992.??.??"]
[Round "?"]
[White "Troupe, D."]
[Black "Tanner, M."]
[Result "1/2-1/2"]
[WhiteElo "1605"]
[BlackElo "1620"]
[PlyCount "40"]
[EventDate "1992.??.??"]

{5/(81)} 1. e4 c5 2. Nf3 d6 3. h3 Nc6 4. Bb5 a6 5. Bxc6+ bxc6 6. d3 g6 7. Bd2
Bg7 8. Bc3 e5 9. O-O Ne7 10. Nbd2 O-O 11. Nc4 f5 12. Qd2 Qc7 13. Ba5 Qb8 14.
Nb6 Ra7 15. Nxc8 Rxc8 16. c4 f4 17. b3 h6 18. h4 Bf6 19. g3 g5 20. h5 Kh7
1/2-1/2